The wonderful names of Jesus / (Record no. 11038)
[ view plain ]
| 000 -LEADER | |
|---|---|
| fixed length control field | 00695cam a2200253Ia 4500 |
| 001 - CONTROL NUMBER | |
| control field | 7198531 |
| 003 - CONTROL NUMBER IDENTIFIER | |
| control field | OCoLC |
| 005 - DATE AND TIME OF LATEST TRANSACTION | |
| control field | 20221118120109.0 |
| 008 - FIXED-LENGTH DATA ELEMENTS--GENERAL INFORMATION | |
| fixed length control field | 810306s1980 nbu 000 0 eng d |
| 020 ## - INTERNATIONAL STANDARD BOOK NUMBER | |
| International Standard Book Number | 0847465012 : |
| 040 ## - CATALOGING SOURCE | |
| Original cataloging agency | IMH |
| Transcribing agency | IMH |
| Modifying agency | FYB |
| 050 ## - LIBRARY OF CONGRESS CALL NUMBER | |
| Item number | W648W |
| 082 ## - DEWEY DECIMAL CLASSIFICATION NUMBER | |
| Item number | W648W |
| 092 ## - LOCALLY ASSIGNED DEWEY CALL NUMBER (OCLC) | |
| Classification number | 232 |
| Item number | W648W |
| 100 1# - MAIN ENTRY--PERSONAL NAME | |
| Personal name | Wiersbe, Warren W |
| 245 14 - TITLE STATEMENT | |
| Title | The wonderful names of Jesus / |
| Statement of responsibility, etc. | by Warren W. Wiersbe |
| 260 ## - PUBLICATION, DISTRIBUTION, ETC. | |
| Place of publication, distribution, etc. | Lincoln, Neb. : |
| Name of publisher, distributor, etc. | Back to the Bible, |
| Date of publication, distribution, etc. | 1980 |
| 300 ## - PHYSICAL DESCRIPTION | |
| Extent | 74 p. ; |
| Dimensions | 17 cm |
| 490 1# - SERIES STATEMENT | |
| Series statement | James T. Jeremiah collection |
| 600 00 - SUBJECT ADDED ENTRY--PERSONAL NAME | |
| Personal name | Jesus Christ |
| General subdivision | Person and offices |
| 600 00 - SUBJECT ADDED ENTRY--PERSONAL NAME | |
| Personal name | Jesus Christ |
| General subdivision | Name |
| 830 #0 - SERIES ADDED ENTRY--UNIFORM TITLE | |
| Uniform title | James T. Jeremiah collection |
| 942 ## - ADDED ENTRY ELEMENTS (KOHA) | |
| Source of classification or shelving scheme | Dewey Decimal Classification |
| Koha item type | Books |
| Withdrawn status | Lost status | Source of classification or shelving scheme | Damaged status | Not for loan | Collection code | Home library | Current library | Shelving location | Date acquired | Full call number | Barcode | Date last seen | Price effective from | Koha item type |
|---|---|---|---|---|---|---|---|---|---|---|---|---|---|---|
| Dewey Decimal Classification | Non-fiction | Harvest Mission College | Harvest Mission College | General Stacks | 30.11.2022 | 232 W648W | 012960 | 30.11.2022 | 30.11.2022 | Books |
